03408cam a22004334i 4500003000900000005001700009008004100026020001500067020001800082035002000100040003300120082002000153245018300173264002800356300006000384336002100444337002500465338002300490490007900513504003400592505204800626526001002674526001002684526001002694526001002704526000802714526000802722526000802730526000802738526000802746526000802754526000802762650002902770650001602799700004302815700003302858700003702891700004602928PE-LiUPU20250731172932.0170622s2008 ne a r 001 0 eng d a9004165975 a9789004165977 a(Sirsi) a204454 aPE-LiUPUbspacPE-LiUPUerda04a200.901bE522200aEmpsychoi logoi :breligious innovations in antiquity : studies in honour of Pieter Willem van der Horst /ced. by Alberdina Houtman, Albert de Jong, and Magda Misset-van de Weg. 1aLeiden :bBrill,c2008. axxiv, 646 páginas :bilustraciones ;c25 centimetros. atext2rdacontent aunmediated2rdamedia avolume2rdacarrier0 aArbeiten zur Geschichte des Antiken Judentums und des Urchristentums ;v73 aÍndices: páginas 617-646.0 a'Judenthum', 'griechenthum' and 'christenthum' as parameters in early nineteenth century Jewish political thinking / I. Zwiep -- Explaining change in Judaism in late antiquity / M. Goodman -- The end of sacrifce : religious mutations of late antiquity / G.G. Stroumsa -- Worshipping the visible gods : confict and accommodation in Hellenism, hellenistic Judaism and early Christianity / D.T. Runia -- The impact of the individual -- Ammianus marcellinus' judgement of Julian's Piety / J. den Boeft -- A quodam persa exstiterunt : re-orienting manichaean origins / A. de Jong -- The letter of Mara bar Sarapion : some comments on its philosophical and historical context / A. Merz & T. Tieleman -- John the Baptist according to Flavius Josephus, and his incorporation in the Christian tradition / J. Tromp -- The panegyris in Jerusalem : responses to Herod's initiative ( Josephus, antiquities 15.268-290) / J.W. van Henten -- Group dynamics as agents of religious change -- Sabbath at Elephantine : a short episode in the construction of Jewish identity / B. Becking -- The opponents in the Johannine Epistles : fact or fiction? / M.J.J. Menken -- Is there a heresy that necessitated Jude's letter? / G. Van Oyen -- Jewish Monotheism and Christian origins / B.J. Lietaert Peerbolte -- The didache redening : its Jewish identity in the light of Gentiles joining the community / H. van de Sandt -- Bereshit bara Elohim : Bereshit Rabba, Parashah 1, reconsidered / P. Schaefer -- New texts, new readings -- Manichaean elements in n early version of the Virgin Mary's assumption / R. van den Broek -- Interpretative thetas in the Strasbourg Empedocles / J. Mansfeld & K. Algra -- 'Our righteous brethren' : reflections on the description of the righteous ones according to the Greek revelation of Peter (Akhm -- 2) / T. Nicklas -- The evil inclination in the Dead Sea Scrolls, with a re-edition of 4q468i (4qsectarian text?) / E. Tigchelaar -- A Greek letter from Syria / K. Worp -- Jewish and Christian texts in comparison -- Close encounters of. aSEG42 aSEG41 aSEG40 aSEG39 aP94 aP87 aP86 aP85 aP77 aP76 aP35 0aReligiónxFilosofía. 0aReligiones.1 aHorst, Pieter Willem van der,eeditor.1 aHoutman, Alberdina,eeditor.1 aJong, Albert de,d1966-eeditor.1 aWeg, Magda Misset-van de,d1943-eeditor.